[Event "Kouty nad Desnou op-A"]
[Site "Kouty nad Desnou"]
[Date "2024.03.13"]
[Round "6"]
[White "Cerny, Rodan"]
[Black "Cimburek, Jan"]
[Result "0-1"]
[WhiteElo "1636"]
[BlackElo "1971"]
[PlyCount "52"]
[EventDate "2024.03.09"]
[EventType "swiss"]
[EventRounds "9"]
[EventCountry "CZE"]
[SourceTitle "CB13_2024"]
[SourceDate "2024.03.27"]
[SourceVersion "1"]
[SourceVersionDate "2024.03.27"]
[SourceQuality "1"]

1. e4 c5 2. Nf3 g6 3. d4 cxd4 4. Qxd4 Nf6 5. Nc3 Nc6 6. Qa4 Bg7 7. e5 Ng8 8. Bf4 f6 9. e6 Nh6 10. Rd1 d6 11. Nd4 0-0 12. Nxc6 bxc6 13. Bc4 Qb6 14. Bxd6 Kh8 15. Bxe7 Re8 16. Qa3 Nf5 17. Bc5 Qc7 18. Bd6 Qb7 19. 0-0 Bxe6 20. Bxe6 Rxe6 21. Rfe1 Rxd6 22. Rxd6 Bf8 23. Red1 Nxd6 24. Rxd6 Qc7 25. Ne4 Bxd6 26. Nxd6 Rd8 0-1

[Event "Kouty nad Desnou op-A"]
[Site "Kouty nad Desnou"]
[Date "2024.03.10"]
[Round "2"]
[White "Vojtech, Ladislav1"]
[Black "Cimburek, Jan"]
[Result "1-0"]
[WhiteElo "1639"]
[BlackElo "1971"]
[PlyCount "61"]
[EventDate "2024.03.09"]
[EventType "swiss"]
[EventRounds "9"]
[EventCountry "CZE"]
[SourceTitle "CB13_2024"]
[SourceDate "2024.03.27"]
[SourceVersion "1"]
[SourceVersionDate "2024.03.27"]
[SourceQuality "1"]

1. d4 d5 2. c4 c6 3. Nf3 Nf6 4. e3 Bf5 5. Nc3 e6 6. Nh4 Bg4 7. f3 Bh5 8. Qb3 b6 9. g3 g5 10. g4 gxh4 11. gxh5 Nxh5 12. Bd2 Qf6 13. 0-0-0 Bh6 14. cxd5 exd5 15. Nxd5 Qd6 16. Nc3 Nd7 17. Ne4 Qe7 18. Bc4 0-0 19. Rhg1+ Ng7 20. Bb4 c5 21. dxc5 Nxc5 22. Qa3 a5 23. Bxc5 bxc5 24. Rd6 Bg5 25. Rxg5 Kh8 26. Qc3 f6 27. Rgd5 Ne8 28. Rd7 Qe6 29. Rd2 Qf5 30. Qd3 Qxf3 31. Ng5 1-0

[Event "Morava-ch"]
[Site "Orlova"]
[Date "2023.10.27"]
[Round "6"]
[White "Tikovsky, Alexander"]
[Black "Cimburek, Jan"]
[Result "1-0"]
[WhiteElo "2080"]
[BlackElo "1952"]
[PlyCount "54"]
[EventDate "2023.10.24"]
[EventType "swiss"]
[EventRounds "9"]
[EventCountry "CZE"]
[SourceTitle "Mega2024 Update 01"]
[Source "Chessbase"]
[SourceDate "2023.11.12"]
[SourceVersion "1"]
[SourceVersionDate "2023.11.12"]
[SourceQuality "1"]

1. d4 d5 2. Nf3 Nf6 3. c4 c6 4. Nbd2 e6 5. g3 Be7 6. Bg2 0-0 7. 0-0 b6 8. Qc2 Bb7 9. e4 c5 10. dxc5 Na6 11. cxd5 exd5 12. e5 Ne4 13. Nxe4 dxe4 14. Nd2 Nxc5 15. Nxe4 Rc8 16. Nc3 Bxg2 17. Kxg2 Qc7 18. Qe2 Qc6+ 19. Kg1 f6 20. Qc4+ Kh8 21. Bf4 Qf3 22. Rad1 fxe5 23. Bxe5 Nd7 24. Bxg7+ Kxg7 25. Qe6 Bf6 26. Rxd7+ Kh8 27. Ne4 Rcd8 1-0

[Event "Morava-ch"]
[Site "Orlova"]
[Date "2023.10.26"]
[Round "5"]
[White "Cimburek, Jan"]
[Black "Sipek, Michal"]
[Result "1/2-1/2"]
[WhiteElo "1952"]
[BlackElo "1912"]
[PlyCount "74"]
[EventDate "2023.10.24"]
[EventType "swiss"]
[EventRounds "9"]
[EventCountry "CZE"]
[SourceTitle "Mega2024 Update 01"]
[Source "Chessbase"]
[SourceDate "2023.11.12"]
[SourceVersion "1"]
[SourceVersionDate "2023.11.12"]
[SourceQuality "1"]

1. d4 d6 2. Nf3 g6 3. g3 Nf6 4. Bg2 Bg7 5. 0-0 c6 6. a4 Na6 7. c3 0-0 8. Na3 Bf5 9. Nc4 Qd7 10. Re1 Bh3 11. Bh1 h6 12. b4 Rad8 13. Bb2 Qc8 14. Nfd2 Rfe8 15. b5 Nb8 16. Qc2 d5 17. Ne3 Nbd7 18. c4 Nb6 19. a5 Nxc4 20. Ndxc4 dxc4 21. bxc6 bxc6 22. Qxc4 Nd5 23. Rac1 Nxe3 24. fxe3 Bd7 25. Bxc6 Bxc6 26. Qxc6 Qg4 27. Qf3 Qg5 28. Rc5 Qf6 29. Qxf6 Bxf6 30. Rc7 a6 31. Rc6 Rb8 32. Ba3 Bg5 33. Kf2 Bxe3+ 34. Kxe3 Rb3+ 35. Kf2 Rxa3 36. Rxa6 Rd8 37. e3 Rd5 1/2-1/2

[Event "Morava-ch"]
[Site "Orlova"]
[Date "2023.10.25"]
[Round "2"]
[White "Zrubek, Adam"]
[Black "Cimburek, Jan"]
[Result "0-1"]
[WhiteElo "1758"]
[BlackElo "1952"]
[PlyCount "62"]
[EventDate "2023.10.24"]
[EventType "swiss"]
[EventRounds "9"]
[EventCountry "CZE"]
[SourceTitle "Mega2024 Update 01"]
[Source "Chessbase"]
[SourceDate "2023.11.12"]
[SourceVersion "1"]
[SourceVersionDate "2023.11.12"]
[SourceQuality "1"]

1. e4 c5 2. Nf3 g6 3. d4 cxd4 4. Nxd4 Bg7 5. Be3 Nc6 6. Nc3 Nf6 7. Bc4 0-0 8. Bb3 e6 9. 0-0 d5 10. exd5 Nxd5 11. Nxd5 exd5 12. Nxc6 bxc6 13. Bd4 Qh4 14. Bxg7 Kxg7 15. Qf3 Bf5 16. c4 d4 17. Qxc6 Rad8 18. Bd1 Be4 19. Qc5 Rfe8 20. Ba4 Re6 21. Qa5 Bxg2 22. Kxg2 Qg4+ 23. Kh1 Qf3+ 24. Kg1 Re4 25. h3 Qxh3 26. Bd1 Rh4 27. Qe5+ f6 28. Qc7+ Rd7 29. Qxd7+ Qxd7 30. f3 Qh3 31. Kf2 Qh2+ 0-1

[Event "CZE-ch Amateur"]
[Site "Hluk"]
[Date "2023.05.09"]
[Round "6"]
[White "Cimburek, Jan"]
[Black "Kasperek, Ryszard"]
[Result "0-1"]
[WhiteElo "1763"]
[BlackElo "2065"]
[PlyCount "140"]
[EventDate "2023.05.06"]
[EventType "swiss"]
[EventRounds "9"]
[EventCountry "CZE"]
[SourceTitle "CBM 214 Extra"]
[Source "ChessBase"]
[SourceDate "2023.07.31"]
[SourceVersion "1"]
[SourceVersionDate "2023.07.31"]
[SourceQuality "1"]

1. c4 e5 2. Nc3 Nf6 3. g3 c6 4. d4 e4 5. d5 Bb4 6. Bd2 0-0 7. e3 Re8 8. Bg2 Na6 9. Nge2 cxd5 10. cxd5 b6 11. a3 Bf8 12. Qc2 Nc5 13. 0-0 Ba6 14. b4 Bd3 15. Qb2 Nb7 16. Rfd1 Nd6 17. Nc1 Bc4 18. Be1 g6 19. Bf1 Bg7 20. Bxc4 Nxc4 21. Qb3 Rc8 22. N1e2 Ne5 23. Nd4 Nf3+ 24. Kg2 Ng4 25. Ncb5 Bxd4 26. Nxd4 Ngxh2 27. Bc3 Nxd4 28. Bxd4 Nf3 29. Bb2 Qg5 30. Rh1 h5 31. Qa4 Qf5 32. Rad1 b5 33. Qb3 d6 34. a4 a6 35. Ba1 Ne5 36. Bxe5 Rxe5 37. axb5 axb5 38. Qa2 Qf3+ 39. Kh2 h4 40. g4 Rg5 41. Rhg1 Rxg4 42. Rxg4 Qxg4 43. Rg1 Qf5 44. Qd2 Rc4 45. Rf1 Qc8 46. Qb2 Rc3 47. Ra1 Kh7 48. Ra7 Kg8 49. Ra5 h3 50. Rxb5 Qg4 51. Rb8+ Kh7 52. f4 exf3 53. Rh8+ Kxh8 54. Qxc3+ Kg8 55. Qb2 Qf5 56. Qf2 Qxd5 57. Kxh3 Qb7 58. Qb2 f2 59. Qxf2 Qxb4 60. Qf6 Qc5 61. Qf4 Qf5+ 62. Qxf5 gxf5 63. Kh4 f4 64. exf4 Kg7 65. Kg5 f6+ 66. Kf5 d5 67. Kg4 Kg6 68. f5+ Kh6 69. Kh4 d4 70. Kg3 Kg5 0-1

[Event "CZE-ch U12"]
[Site "Kouty nad Desnou"]
[Date "2017.03.18"]
[Round "9"]
[White "Jares, Michal"]
[Black "Cimburek, Jan"]
[Result "1-0"]
[WhiteElo "1688"]
[BlackElo "1194"]
[PlyCount "43"]
[EventDate "2017.03.11"]
[EventType "swiss"]
[EventRounds "9"]
[EventCountry "CZE"]
[SourceTitle "CBM 177 Extra"]
[Source "ChessBase"]
[SourceDate "2017.04.27"]
[SourceVersion "1"]
[SourceVersionDate "2017.04.27"]
[SourceQuality "1"]

1. d4 d5 2. Nf3 e6 3. e3 c5 4. b3 Nc6 5. Bb2 Nf6 6. Nbd2 Bd6 7. Bd3 0-0 8. 0-0 Qc7 9. c4 Bd7 10. a3 b6 11. Qc2 e5 12. cxd5 Nxd5 13. Bxh7+ Kh8 14. Bf5 Rae8 15. Ng5 g6 16. Bxg6 fxg6 17. Qxg6 Bf5 18. Qh6+ Kg8 19. e4 Rf6 20. Qh4 Nf4 21. exf5 Ng6 22. fxg6 1-0

[Event "CZE-ch U12"]
[Site "Kouty nad Desnou"]
[Date "2017.03.17"]
[Round "8"]
[White "Kures, Michael"]
[Black "Cimburek, Jan"]
[Result "1-0"]
[WhiteElo "1693"]
[BlackElo "1194"]
[PlyCount "155"]
[EventDate "2017.03.11"]
[EventType "swiss"]
[EventRounds "9"]
[EventCountry "CZE"]
[SourceTitle "CBM 177 Extra"]
[Source "ChessBase"]
[SourceDate "2017.04.27"]
[SourceVersion "1"]
[SourceVersionDate "2017.04.27"]
[SourceQuality "1"]

1. d4 d5 2. c4 e6 3. Nf3 Nc6 4. g3 Nf6 5. Bg2 Be7 6. Qc2 0-0 7. Nbd2 dxc4 8. Qxc4 Qd6 9. a3 e5 10. dxe5 Nxe5 11. Nxe5 Qxe5 12. Nf3 Qd6 13. Bf4 Qc5 14. Qxc5 Bxc5 15. Bxc7 Be6 16. Be5 Be7 17. 0-0 Rac8 18. Rac1 Rfd8 19. Bf4 Bc4 20. Rfe1 Bb5 21. e3 Bc6 22. Bh3 Ra8 23. Nd4 Bd7 24. Bg2 Bc6 25. Bxc6 bxc6 26. Nxc6 Re8 27. Nxe7+ Rxe7 28. Bg5 Re6 29. Bxf6 Rxf6 30. Rc7 g6 31. Rec1 Rb6 32. Rc8+ Rxc8 33. Rxc8+ Kg7 34. Rc2 h5 35. Kf1 Kf6 36. Ke2 Ke6 37. e4 Ke5 38. f3 f6 39. Rd2 Ke6 40. f4 a5 41. Kd3 a4 42. Kc3 Rb3+ 43. Kd4 Rb5 44. Kc4 Rb3 45. Re2 g5 46. Kd4 gxf4 47. gxf4 f5 48. Rg2 fxe4 49. Kxe4 Kf6 50. Rf2 h4 51. f5 Rb5 52. Ke3 Rb3+ 53. Kf4 Rd3 54. Kg4 Rd4+ 55. Rf4 Rd2 56. h3 Rxb2 57. Rxa4 Rb5 58. Rf4 Rb8 59. Kxh4 Ke5 60. Rf3 Kf6 61. Kg4 Rg8+ 62. Kf4 Rh8 63. Rg3 Rh4+ 64. Rg4 Rxh3 65. Rg6+ Kf7 66. Ra6 Rc3 67. a4 Rc4+ 68. Kg5 Rc5 69. Ra7+ Kf8 70. Kg6 Rc4 71. f6 Rg4+ 72. Kf5 Rc4 73. a5 Ra4 74. a6 Ra3 75. Ra8+ Kf7 76. a7 Ra6 77. Ke5 Ra5+ 78. Kd4 1-0

[Event "CZE-ch U12"]
[Site "Kouty nad Desnou"]
[Date "2017.03.13"]
[Round "4"]
[White "Cimburek, Jan"]
[Black "Vokoun, Tomas"]
[Result "1-0"]
[WhiteElo "1194"]
[BlackElo "1394"]
[PlyCount "79"]
[EventDate "2017.03.11"]
[EventType "swiss"]
[EventRounds "9"]
[EventCountry "CZE"]
[SourceTitle "CBM 177 Extra"]
[Source "ChessBase"]
[SourceDate "2017.04.27"]
[SourceVersion "1"]
[SourceVersionDate "2017.04.27"]
[SourceQuality "1"]

1. e4 c5 2. Nf3 e6 3. d4 cxd4 4. Nxd4 a6 5. Be3 Qc7 6. Bd3 Nf6 7. Nc3 b5 8. 0-0 Bb7 9. a3 d6 10. Qd2 Nbd7 11. Rad1 Nc5 12. f3 Be7 13. Bf2 0-0 14. b4 Ncd7 15. Nce2 Rac8 16. Rc1 Ne5 17. Rfe1 Rfe8 18. Kh1 Nfd7 19. f4 Nc4 20. Qc3 Ndb6 21. Ng3 Na4 22. Qb3 Nd2 23. Qa2 Bh4 24. c3 Nc4 25. Qb3 Nab6 26. Nf3 Bf6 27. Bd4 e5 28. fxe5 dxe5 29. Bf2 Rcd8 30. Rcd1 Rd7 31. Bxc4 Nxc4 32. Bc5 Red8 33. Rxd7 Qxd7 34. Qa2 Qd3 35. Qa1 Nd6 36. Rd1 Qc4 37. Rxd6 Rxd6 38. Bxd6 Bxe4 39. Nxe4 Qxe4 40. Qd1 1-0

[Event "CZE-ch U12"]
[Site "Kouty nad Desnou"]
[Date "2017.03.13"]
[Round "3"]
[White "Gnojek, Petr"]
[Black "Cimburek, Jan"]
[Result "1-0"]
[WhiteElo "1803"]
[BlackElo "1194"]
[PlyCount "69"]
[EventDate "2017.03.11"]
[EventType "swiss"]
[EventRounds "9"]
[EventCountry "CZE"]
[SourceTitle "CBM 177 Extra"]
[Source "ChessBase"]
[SourceDate "2017.04.27"]
[SourceVersion "1"]
[SourceVersionDate "2017.04.27"]
[SourceQuality "1"]

1. d4 d5 2. Nf3 Nf6 3. c4 e6 4. Nc3 Nc6 5. Bg5 Be7 6. e3 0-0 7. Bd3 h6 8. Bh4 Nb4 9. Bb1 dxc4 10. Ne5 Nfd5 11. Bxe7 Qxe7 12. 0-0 Qg5 13. Ne4 Qe7 14. a3 Na6 15. Qc2 g6 16. Ng3 Nf6 17. Qxc4 c6 18. Bxg6 fxg6 19. Nxg6 Qg7 20. Nxf8 Qxf8 21. f4 Qe7 22. Rae1 Bd7 23. e4 Re8 24. f5 b5 25. Qc1 e5 26. dxe5 Qxe5 27. Qxh6 Qd4+ 28. Kh1 Re7 29. e5 Ng4 30. Qg5+ Rg7 31. Qd8+ Kh7 32. Ne4 Ne3 33. Nf6+ Kh6 34. Qh8+ Kg5 35. Qh5# 1-0